| 000 | 00523nam a2200169Ia 4500 | ||
|---|---|---|---|
| 999 |
_c10265 _d10265 |
||
| 003 | OSt | ||
| 005 | 20191228144221.0 | ||
| 008 | 190216s9999||||xx |||||||||||||| ||und|| | ||
| 040 | _coclc | ||
| 082 |
_a338 _bDHO/T |
||
| 100 |
_aDholakia, Bakul H _9590 |
||
| 245 | 0 |
_aTheory Of Economic Growth And Technical Progress / _cBakul H Dholakia ; Ravindra H Dholakia |
|
| 260 |
_bMacmillan India Ltd, _c1998. _aDelhi: |
||
| 300 | _a151p | ||
| 650 | _aEconomics | ||
| 942 |
_cBK _2ddc _h338 _iDHO/T _k338 _mDHO/T |
||